000 00848nam a2200265 a 4500
001 42579
003 BD-RjUL
005 20211209053548.0
008 16 s1955 xx 000 0 eng
035 _a(BD-RjUL)42697
035 _a(OCoLC)1064989
040 _aDLC
_cOAU
_dUk
_dBD-RjUL
_beng
041 _aeng
082 _a329
_223
_bBOA 1955
100 1 _aBone, Hugh Alvin
_d1909-
_9130907
245 1 0 _aAmerican politics and the party system /
_cHugh Alvin Bone
260 _aNew York :
_bMcGraw-Hill,
_c1955.
300 _aviii, 670 p.:
_billus. ;
_c24 cm.
504 _aIncludes bibliographical references.
650 0 _aPolitical parties
_zUnited States.
_9130908
651 0 _aUnited States
_xPolitics and government.
_9130909
942 _2ddc
_cBK
999 _c42579
_d42579